000 00389pab a2200145 454500
008 180718b1983 xxu||||| |||| 00| 0 eng d
100 _aPandey, R.P.
245 _aCooperative training - recruitment and training of faculty members
260 _c1983
300 _a27-30
362 _aApr.-June
650 _aTraining - Cooperation
773 _aCooperative Perspective
909 _a19439
999 _c19439
_d19439